Statistics for Regions of Saudi Arabia (With a Map)

Click here to take the quiz!

General Stats

  • This quiz has been taken 2,719 times
  • The average score is 7 of 13

Answers on the Map

Answers color-coded by a green-red scale on the quiz's map according to % correct below.
 

Answer Stats

Region% Correct
Riyadh
94%
Makkah
93%
Madinah
86%
Eastern Province
68%
Northern Borders
59%
Tabuk
52%
Ha'il
45%
Najran
42%
Asir
39%
Qassim
39%
Jizan
37%
Bahah
33%
Jawf
31%

Score Distribution

Percentile by Number Answered

Percent of People with Each Score

Your Score History

You have not taken this quiz